10 największych miast Gwinei - Statystyki

Ogólne statystyki
  • Ten quiz został rozwiązany 10 razy
  • Średni wynik to 4 z 10
Statystyki odpowiedzi
# Populacja Miasto % Poprawnych
1. 1 794 858 Konakry
100%
7. 101 040 Kamsar
43%
8. 81 310 Labé
43%
5. 129 966 Guéckédougou
29%
3. 164 539 Kankan
29%
4. 157 776 Kindia
29%
10. 77 776 Macenta
29%
9. 81 256 Mamou
29%
6. 108 433 Kissidougou
14%
2. 176 259 Nzérékoré
14%
Nie znaleziono quizów pasujących do podanych kryteriów
Rozkład punktacji
Procent ludzi z każdym wynikiem
Percentyl według liczby udzielonych odpowiedzi
Twoja historia wyników
Nie rozwiązałeś tego quizu